01806agaaa2200349 45000010005000000030009000050050017000140070009000310080040000400400023000800410013001031000061001161300018001772400018001952450122002132460011003352500022003462600125003683000035004935080114005285110080006425200124007225380009008465460013008556500075008687000073009437000068010167000062010849420012011469990019011589520279011770992IT-RoPAU20220918181250.0d cvaizq50131s9999||||xx ||| | || ||und|| aIT-RoPAUcIT-RoPAU aITALIANO aAttenborough RichardgCodice regista SPICS: 38846948521 aGANDHI948522 aGANDHIgT2654 aGANDHIcSceneggiatura: Briley John -- Diretto da: Attenborough RichardpGANDHI (Rif. Codice opera principale : V0992) aGANDHI aEdizione Standard a(GRAN BRETAGNA / UK)bATTENBOROUGH RICHARD / Distribuzione: SPF FIRENZEg"1982 (1° ed.: 1993 ; Ed. Lingua Orig.: 1982)" a16MMbsonoro, col.c187 minuti a"Fotografia: Williams B. Taylor R; Montaggio: Bloom John; Musica: Shankar Ravi; Sceneggiatura: Briley John; " a"Kingsley Ben; Hattangady Rohini; Bergen Candice; Fox Edward; Gielgud John" aIL RACCONTO DELLA VITA DI GANDHI PARTENDO NEL 1833 IN SUD AFRICA FINO ALLAMORTE. FILM A COLORI. PELLICOLA NUOVA STEREO. aMONO aITALIANO aBIOGRAFICOePELLICOLE CINEMA [16MM]xCodice MATERIA SPICS: 9955936743 aAttenborough Richard e(regista)gCodice regista SPICS: 38846948523 aFischer Louis e(soggetto)gCodice Soggetto SPICS: 38847948524 aShankar Ravie(musica)gCodice Musica SPICS: 28674948525 cMM2ddc c106747d106747 0010406V_0992_00000000000000071aSPICSbSPICSd2015-01-31l0oV0992r2015-01-31 00:00:00w2015-01-31yMMzProgr. Ins.: 1215 / N.Vol.:4 / Copie: 1 / Pag.:0 / Copia rara: n.d. / date import: 1.2.2015 / By Epidotti, Trombetti, Vaglietti - CUSTODITA PRESSO FILMOTECA VATICANA